UEFA European Championship Finals Cities - Statistics

General Stats
  • This quiz has been taken 35 times
  • The average score is 15 of 17
Answer Stats
Year City % Correct
2024 Berlin
100%
1996 London
100%
2020 London
100%
1960 Paris
100%
1984 Paris
100%
2016 Saint-Denis
100%
2004 Lisbon
97%
2008 Vienna
97%
2012 Kiev
94%
1964 Madrid
94%
1968 Rome
94%
1980 Rome
94%
1972 Brussels
88%
1988 Munich
76%
1976 Belgrade
67%
2000 Rotterdam
64%
1992 Gothenburg
52%
No matching quizzes found
Score Distribution
Percent of People with Each Score
Percentile by Number Answered
Your Score History
You have not taken this quiz